Loading...

Spanish cinema 1973-2010 : auteurism, politics, landscape and memory /

"This collection of essays offers a new lens through which to examine Spain's cinema production, following the decades of isolation imposed by the Franco regime. The seventeen key films analysed in the volume span a period of thirty-five years that has been crucial in the development of Sp...

Full description

Bibliographic Details
Other Authors: Delgado, Maria M., Fiddian, Robin W.
Format: Printed Book
Language:English
Published: Manchester ; Manchester University Press, 2013.
Edition:1st ed.
Subjects:
LEADER 02342cam a2200217 a 4500
005 20200115122954.0
008 130823s2013 enka b 001 0 eng d
999 |c 24757  |d 24757 
020 |a 9780719096587 
020 |a 0719087112 (hardback) 
082 0 4 |a 791.430946  |b DEL 
245 0 0 |a Spanish cinema 1973-2010 :  |b auteurism, politics, landscape and memory /  |c edited by Maria M. Delgado and Robin Fiddian. 
250 |a 1st ed. 
260 |a Manchester ;  |b Manchester University Press,  |c 2013. 
300 |a 262p.  
520 |a "This collection of essays offers a new lens through which to examine Spain's cinema production, following the decades of isolation imposed by the Franco regime. The seventeen key films analysed in the volume span a period of thirty-five years that has been crucial in the development of Spain, Spanish democracy, and Spanish cinema. These films encompass different genres (horror, thriller, melodrama, social realism, documentary), both popular (Los abrazos rotos/Broken Embraces, Vicky Cristina Barcelona) and more select art house fare (En la ciudad de Sylvia/In the City of Sylvia, El espíritu de la colmena/Spirit of the Beehive), and languages (English, as both first and second language, Basque, Spanish, Catalan, and French). The volume offers an expanded understanding of 'national' cinemas that negotiates the global co-production networks that fund the production of contemporary films in Spain. Furthermore, it provides treatments of key works by Guillermo del Toro and Lucrecia Martel, alongside an examination of the ways in which both established auteurs (Almodóvar, José Garci, Carlos Saura) and younger generations of filmmakers (Cesc Gay, Alejandro Amenábar, Iciar Bollaín) have harnessed cinematic language towards a commentary on the nation-state, wider issues of landscape, and the politics of historical and cultural memory. The result is a bold new study of the ways in which film has created new prisms (or indeed stereotypes) that have determined how Spain is positioned in the global marketplace."--P. [4] of cover. 
650 0 |a Motion pictures 
700 1 |a Delgado, Maria M. 
700 1 |a Fiddian, Robin W. 
942 |2 ddc  |c BK 
952 |0 0  |1 0  |2 ddc  |4 0  |6 791_430946000000000_DEL  |7 0  |9 33898  |a MAIN  |b MAIN  |d 2019-02-21  |e Mathrubhumi Books  |g 1899.00  |o 791.430946 DEL  |p 35184  |r 2019-02-21  |t 1  |w 2019-02-21  |y BK